|
|
|
|
| LEADER |
00000cam a2200000 4500 |
| 001 |
vtls012009516 |
| 003 |
SK-MaSNL |
| 005 |
20260301054406.0 |
| 008 |
210701s2019 xo hoa gr 000 0 slo |
| 015 |
|
|
|a SNBA2021/04
|
| 020 |
|
|
|a 9788097354206
|q (brožované)
|
| 035 |
|
|
|a urn:nbn:sk:snk-am00fc02
|
| 035 |
|
|
|a urn:nbn:sk:snk-am3iq5x
|
| 035 |
|
|
|a 3230634E-6C5B-49C1-A240-580816D8908C
|
| 040 |
|
|
|a SNK
|b slo
|c SNK
|e rda
|
| 041 |
0 |
|
|a slo
|a hun
|
| 043 |
|
|
|a e-hu---
|
| 044 |
|
|
|a xo
|c SK
|
| 072 |
|
7 |
|a 75
|x Maliarstvo
|2 konspekt
|
| 080 |
|
|
|a 75.071.1
|2 2011
|
| 080 |
|
|
|a (439)
|2 2011
|
| 080 |
|
|
|a (062.534)
|2 2011
|
| 111 |
2 |
|
|a Csontváry - geniálny maliar Novohradu
|d (2019 :
|c Lučenec, Slovensko)
|4 aut
|9 366371
|
| 245 |
1 |
0 |
|a Csontváry - geniálny maliar Novohradu
|b konferencia : Lučenec, ZŠ a MŠ J. Kármána Lučenec, 16. októbra 2019 : zborník prednášok
|c zostavil: Puntigán József ; autori: W. Barna Erika, Czakó Ferenc, Puntigán József, Ridilla, Jozef, Špak, Milan ; preklad: Gablyasz Andrea
|
| 246 |
3 |
1 |
|a Csontváry - Nógrád zseniális festője
|b konferencia : Losonc, Kármán József Alapiskola és Óvoda, Losonc, 2019, október 16. : előadások
|
| 264 |
|
1 |
|a Lučenec
|b Občianske združenie Phoenix Lutetia
|c 2019
|
| 300 |
|
|
|a 56 strán
|b faksimile, fotografie, ilustrácie
|c 21 cm
|
| 336 |
|
|
|a text
|b txt
|2 rdacontent
|
| 336 |
|
|
|a statický obraz
|b sti
|2 rdacontent
|
| 337 |
|
|
|a bez média
|b n
|2 rdamedia
|
| 338 |
|
|
|a zväzok
|b nc
|2 rdacarrier
|
| 546 |
|
|
|a Súbežný názov a text v maďarčine
|
| 600 |
1 |
7 |
|a Csontváry-Kostka, Teodor,
|d 1853-1919
|2 SNKMA
|9 263464
|
| 650 |
0 |
7 |
|a maliari
|2 SNKPH
|9 3150
|
| 650 |
0 |
7 |
|a Painters
|2 SNKPHeng
|9 99679
|
| 651 |
|
7 |
|a Maďarsko
|2 SNKPHgeo
|9 16754
|
| 651 |
|
7 |
|a Hungary
|2 SNKPHeng
|9 265263
|
| 655 |
|
7 |
|a zborníky konferencií
|2 SNKPH
|9 70153
|
| 655 |
|
7 |
|a Proceedings of conferences
|2 SNKPHeng
|9 265791
|
| 700 |
1 |
|
|a Barna, Erika W.
|4 aut
|9 366372
|
| 700 |
1 |
|
|a Czakó, Ferenc
|4 aut
|9 366373
|
| 700 |
1 |
|
|a Ridilla, Jozef,
|d 1971-
|4 aut
|9 243101
|
| 700 |
1 |
|
|a Špak, Milan
|4 aut
|9 366374
|
| 700 |
1 |
|
|a Gablyasz, Andrea
|4 trl
|9 323736
|
| 700 |
1 |
|
|a Puntigán, József,
|d 1958-
|4 com
|4 aut
|9 98944
|
| 919 |
|
|
|a 978-80-973542-0-6
|
| 958 |
|
|
|a OND
|
| 999 |
|
|
|c 610751
|d 612681
|
| 952 |
|
|
|a SNK
|b SNK
|y PREZ
|7 0
|p 17A1448595
|o snkSC 191499
|i snk2020/23067
|8 0
|0 0
|1 0
|4 0
|d 2020-12-17
|f 1
|l 0
|r 2025-10-08 00:00:00
|w 2026-02-23
|
| 952 |
|
|
|a SNK
|b SNK
|y VYP
|7 0
|p 17A1448726
|o snkSC 191499 D1
|i snk2020/23070
|8 0
|0 0
|1 0
|4 0
|d 2020-12-17
|l 0
|r 2026-02-23 16:22:17
|w 2026-02-23
|